| 000 | 01418nam a2200385 i 4500 | ||
|---|---|---|---|
| 003 | OSt | ||
| 005 | 20231213103547.0 | ||
| 008 | 231213s2022 cc a j 000 1 chi d | ||
| 020 |
_a9787555031154 _cRM63.90 _qhardback |
||
| 040 |
_aPPAK _beng _cPPAK _erda |
||
| 041 | 1 |
_achi _heng |
|
| 082 | 0 | 4 |
_223 _a823.92 |
| 090 | 0 | 0 |
_a823.92 _bLEI _dK |
| 100 | 1 |
_6880-01 _aLeitner, Inbal, _eauthor. |
|
| 245 | 1 | 0 |
_6880-02 _aYong yuan bu duan de xian / _cYingba'er Laitena zhu ; Shihua yi. |
| 246 | 3 | 3 |
_iTranslation of: _aThe longest strongest thread. |
| 250 | _aDi 1 ban. | ||
| 264 | 1 |
_aFuzhou : _bStrait Literature and Art Publishing House, _c2022 |
|
| 300 |
_a1 volume (unpaged) : _bcolor illustrations ; _c25 x 25 cm |
||
| 336 |
_atext _2rdacontent |
||
| 337 |
_aunmediated _2rdamedia |
||
| 338 |
_avolume _2rdacarrier |
||
| 490 | 1 |
_a880-03 _vLang hua duo duo |
|
| 546 | _aIn simplified Chinese script. | ||
| 650 | 1 | 0 |
_aChildren's stories, English _vTranslations into Chinese |
| 650 | 2 | 0 |
_aGrandparent and child _vJuvenile fiction |
| 650 | 2 | 0 |
_aMoving, Household _vJuvenile fiction |
| 650 | 2 | 0 |
_aGrandmothers _vJuvenile fiction |
| 700 | 0 |
_aShihua, _etranslator. |
|
| 830 | 0 | _aLang hua duo duo | |
| 880 | 1 |
_6100-01 _a莱特纳,英巴尔, _eauthor. |
|
| 880 | 1 |
_6245-02 _a永远不断的线 / _c英巴尔·莱特纳 著 ; 十画 译. |
|
| 880 | 1 |
_6490-03 _a浪花朵朵 |
|
| 942 |
_2ddc _cB |
||
| 999 |
_c193998 _d193998 |
||